Najmenej rozvinuté okresy v Slovenskej republike – problémy a riešenia

Analýza oblastí podpory a nástrojov na podporu najmenej rozvinutých okresov v podmienkach Slovenskej republiky, regióny dlhodobej chudoby. Posúdenie vplyvu daných nástrojov na zmierenie negatívnych ekonomicko-sociálnych vplyvov (najmä nezamestnanosti). Perspektívy a možnosti riešenia problémov pre p...

Ausführliche Beschreibung

Gespeichert in:
Bibliographische Detailangaben
1. Verfasser: Hrabovská, Zuzana
Format: Buchkapitel
Sprache:Slowakisch
Schlagworte:
Tags: Tag hinzufügen
Keine Tags, Fügen Sie das erste Tag hinzu!

MARC

LEADER 00000naa a2200000 4500
001 0267421
005 20200803142133.8
041 0 |a slo 
044 |a SK 
245 1 0 |a Najmenej rozvinuté okresy v Slovenskej republike – problémy a riešenia  |c Zuzana Hrabovská 
520 |a Analýza oblastí podpory a nástrojov na podporu najmenej rozvinutých okresov v podmienkach Slovenskej republiky, regióny dlhodobej chudoby. Posúdenie vplyvu daných nástrojov na zmierenie negatívnych ekonomicko-sociálnych vplyvov (najmä nezamestnanosti). Perspektívy a možnosti riešenia problémov pre predmetné regióny. 
610 2 0 |a nezamestnanosť 
610 2 0 |a nezamestnanosť dlhodobá 
610 2 0 |a chudoba 
610 2 0 |a redukcia chudoby 
610 2 0 |a úroveň životná 
610 2 0 |a rozdiely regionálne 
610 2 0 |a Slovensko 
610 2 0 |a analýzy 
100 1 |a Hrabovská, Zuzana